Statistiken für Städte mit den meisten U-Bahn Passagieren

Klicken Sie hier um das Quiz zu spielen!

Allgemein

  • Dieses Quiz wurde 145 mal gespielt
    (30 seit der letzten Aktualisierung)
  • Das Durchschnittsergebnis liegt bei 25 aus 45

Antwortstatistiken

EröffnungsjahrPassagiere in mio.Stadt% Korrekt
1890296London
100%
19041346New York
100%
1900753Paris
100%
1902596Berlin
96%
19712293Peking
96%
19274351Tokio
96%
1919448Madrid
93%
19351618Moskau
93%
19933230Shanghai
89%
1971429München
85%
1955320Rom
85%
19742792Seoul
81%
19974077Guangzhou
78%
1955495St. Petersburg
74%
19331131Osaka
70%
19791156Hong Kong
67%
1989757Istanbul
67%
1969935Mexiko-Stadt
67%
1976460Wien
67%
20021790Delhi
63%
1964387Mailand
63%
1984315Manila
63%
19871314Kairo
52%
1974763São Paulo
52%
1996696Taipeh
52%
1904259Athen
48%
1987767Singapur
48%
1950355Stockholm
44%
20041013Wuhan
44%
1999332Bangkok
41%
2000820Teheran
41%
1984339Tianjin
33%
2011731Xi'an
33%
2005801Nanjing
30%
1985361Busan
26%
2011487Nagoya
22%
1975263Santiago
22%
1983358Caracas
19%
20101800Chengdu
15%
2005840Chongqing
15%
1960280Kiev
11%
2014386Changsha
7%
2012582Hangzhou
7%
2010316Shenyang
7%
2013341Zhengzhou
0%

Verteilung der Resultate

Perzentil nach korrekt beantworteten Fragen

Anzahl Personen mit jedem Resultat

Ihre Resultats-Entwicklung

Sie haben dieses Quiz seit der letzten Aktualisierung nicht gespielt